| 000 | 00632nam a22001817a 4500 | ||
|---|---|---|---|
| 005 | 20170615122134.0 | ||
| 010 | _aENG-118661 | ||
| 020 |
_a9788184655834 _c175.00 |
||
| 035 | _aEN-102193 | ||
| 037 | _bDBAD/PUB | ||
| 082 | _a325.3410934 | ||
| 100 | _aNalunnakkal, Geevarghese Coorilos | ||
| 245 |
_aThe joy of the gospal of life: _cby Geevarghese Coorilos Nalunnakkal _bContextual reflections on mission and evangelism / |
||
| 260 |
_aDelhi _bISPCK _c2017 |
||
| 270 | _aPost Box 1585, 1654, Madarsa Road, Kashmere Gate, Delhi-110006 | ||
| 300 |
_axvii,163p _c22cm.(pbk) |
||
| 942 |
_2ddc _cEN _h325.3410934 _mNAL |
||
| 999 |
_c141136 _d141136 |
||